UM Logo
Normal view MARC view
  • Business Management

Entry Topical Term

Number of records used in: 1

001 - CONTROL NUMBER

  • control field: 40853

003 - CONTROL NUMBER IDENTIFIER

  • control field: OSt

005 - DATE AND TIME OF LATEST TRANSACTION

  • control field: 20191209154316.0

008 - FIXED-LENGTH DATA ELEMENTS

  • fixed length control field: 191209|| aca||aabn | a|a d

040 ## - CATALOGING SOURCE

  • Original cataloging agency: OSt
  • Transcribing agency: OSt

150 ## - HEADING--TOPICAL TERM

  • Topical term or geographic name entry element: Business Management
  • Form subdivision: Human Resource Management
  • General subdivision: Undergraduate Thesis

670 ## - SOURCE DATA FOUND

  • Source citation: Work cat.: (OSt): Sordilla, Judy-Mae S. 40852, Motivational Factors Among Workers of the Selected Salons in Digos City/, March 2019